000 00855nam a2200217Ia 4500
008 0000001989 gw a 0000000000ger00
020 _a3926639156
090 _aPSTK00 M62s
100 1 _aMoffat, Alexander
245 1 0 _aStephen Barclay
_c/ text Alexander Moffat ; photos John Gilmour, Helmut Metzner, Sue Straw
300 _a19 p.
_c/ 30 cm.
500 _aExposición realizada en Raab Galerie, Berlin, Mayo 20Junio 29, 1989 \ Con el patronazgo del maestro venezolano Jesús Rafael Soto (q.e.p.d.)
600 0 0 _aBARCLAY, STEPHEN, 1961/
_xTRABAJOS PICTORICOS
650 1 4 _aARTE CONTEMPORANEO ESCOCES
650 1 4 _xCATALOGOS
650 1 4 _xEXPOSICIONES
650 1 4 _aPINTORES ESCOCESES
650 1 4 _aPINTURA ESCOSESA
700 1 _aGilmour, John \ Metzner, Helmut \ Straw, Sue \
999 _c1524
_d1524
260 _aBerlin : Raab Galerie Berlin
_c1989